Tradície ako faktor vlasteneckej a internacionálnej výchovy a socialistického spôsobu života

Podrobná bibliografia
Hlavný autor: Holečko, Miroslav, 1950- (Autor)
Médium: Článok
Jazyk:slovenčina
Fyzický popis:Lit. 7 zázn. v slov.
Predmet:

MARC

LEADER 00000nab a2200000 a 4500
001 vtls000268189
003 SK-MaSNL
005 20260303205342.0
008 160204c1987 xo 0 slo
015 |a SNBRB19rr/mm-uuuuu 
035 |a CL0278303 
040 |a SNKBUCL  |b slo  |c SNKBUCL  |e AACR2 
041 0 |a slo 
044 |a xo  |c SK 
080 |a 37.03:93/99  |2 1981 
080 |a 93/99  |2 1981 
100 1 |a Holečko, Miroslav,  |d 1950-  |4 aut  |9 237717 
245 1 0 |a Tradície ako faktor vlasteneckej a internacionálnej výchovy a socialistického spôsobu života  |c Miroslav Holečko 
300 |b Lit. 7 zázn. v slov. 
650 0 7 |a výchova k vlastenectvu  |2 snkbucl  |9 90332 
650 0 7 |a výchova k internacionalizmu  |2 snkbucl  |9 926627 
650 0 7 |a dejiny  |2 snkbucl  |9 3825 
655 7 |a články z novín a časopisov  |2 snkbucl  |9 267496 
773 0 |t Osvetová práca  |g Roč. 37, č. 2 (1987), s. 12-15 
850 |a Slovenská národná knižnica v Martine  |a MTA001 
852 |a SNK  |b KIS3GCP 
958 |a NB 
958 |a RK 
992 |a RBX 
999 |c 2194913  |d 2196843